000 00771cam a22002291 4500
001 sa 63001677
003 DLC
005 20260227111929.0
008 780522s1962 vm abc b 000 0 fre
010 _asa 63001677
040 _aDLC
_cDLC
_dDLC
043 _aa-vt---
_an-us---
050 0 0 _aDS557.A6
_bA55
110 1 _aVietnam (Democratic Republic).
_bBộ Ngoại-giao.
_bVụ Thông tin Báo chí.
245 1 3 _aLa politique d'intervention et d'agression des États-Unis au Sud Viet Nam.
260 _aHanoï,
_c1962.
300 _a84 p.
_billus. ports., map, diagr.
_c24 cm.
504 _aBibliographical footnotes.
651 0 _aVietnam
_xHistory.
651 0 _aVietnam
_xForeign relations
_zUnited States.
651 0 _aUnited States
_xForeign relations
_zVietnam.
999 _c54075
_d54075